Villes plus grandes que leurs capitales - Mort Subite - Statistiques

Statistiques générales
  • Ce quiz a été pris 1 424 fois
  • Le résultat moyen est 6 sur 15
Answers on the Grid
Answers color-coded by a green-red scale on the quiz's grid according to % correct below.
Johannesburg
New York
Ho Chi Minh-Ville
Shanghaï
Maracaibo
Sydney
Casablanca
Dar Es-Salaam
Mumbai
Sao Paulo
Douala
Lagos
Guayaquil
Almaty
Auckland
Port Harcourt
Winnipeg
Fortaleza
Turin
Tijuana
Izmir
Djeddah
Saint-Pétersbourg
Kolkata
Hambourg
Benghazi
Alexandrie
Osaka
Edmonton
Rotterdam
 
Statistiques - réponses
Réponse % Correct
New York
72%
Sydney
66%
Sao Paulo
58%
Casablanca
50%
Shanghaï
48%
Lagos
47%
Johannesburg
45%
Auckland
41%
Mumbai
39%
Ho Chi Minh-Ville
35%
Dar Es-Salaam
26%
Douala
15%
Almaty
14%
Guayaquil
8%
Maracaibo
2%
Aucun quiz correspondant
Distribution des résultats
% des personnes avec chaque résultat
Percentile par nombre de réponses
Votre historique - résultats
Vous n’avez pas pris ce quiz